La diazo-reacción (Record no. 94327)

MARC details
000 -LEADER
campo de control de longitud fija 00425nam a2200145 i 4500
001 - NÚMERO DE CONTROL
campo de control 94327
003 - IDENTIFICADOR DE NÚMERO DE CONTROL
campo de control ES-MaACL
005 - FECHA Y HORA DE LA ÚLTIMA TRANSACCIÓN
campo de control 20230906181442.0
007 - CAMPO FIJO DE DESCRIPCIÓN FÍSICA--INFORMACIÓN GENERAL
campo de control de longitud fija t|
008 - DATOS DE LONGITUD FIJA--INFORMACIÓN GENERAL
campo de control de longitud fija 050428s1911 sp ||||1| spa d
100 1# - ENTRADA PRINCIPAL--NOMBRE DE PERSONA
Nombre de persona López-Trigo, José Tomás.
9 (RLIN) 74004
245 13 - MENCIÓN DEL TÍTULO
Título La diazo-reacción
Resto del título : tesis doctoral /
Mención de responsabilidad, etc. José Tomás López-Trigo.
260 ## - PUBLICACIÓN, DISTRIBUCIÓN, ETC.
Lugar de publicación, distribución, etc. Valencia :
Nombre del editor, distribuidor, etc. Imp. de Aribau y Cía,
Fecha de publicación, distribución, etc. 1911.
852 ## - LOCALIZACIÓN
Ubicación ES-MaACL
Número de control de estantería T-1366-F-15
Holdings
Estatus retirado Estado de pérdida Estado de daño No para préstamo Colección Biblioteca de origen Biblioteca actual Ubicación en estantería Fecha de adquisición Fuente de adquisición Total de préstamos Signatura topográfica completa Código de barras Visto por última vez Precio de reemplazo Tipo de ítem Koha
        Colección de folletos Biblioteca del Ateneo de Madrid Biblioteca del Ateneo de Madrid Depósito folletos 17/01/2008     T-1366-F-15 1098518 23/02/2023 23/02/2023 Folleto